| 000 | 01892nam a2200229Ia 4500 | ||
|---|---|---|---|
| 005 | 20250602152820.0 | ||
| 008 | 008 250516s9999 xx 000 0 eng d | ||
| 040 |
_aSDCL _beng _cSDCL |
||
| 041 |
_aeng _2eng |
||
| 084 |
_aXL R4 _qSDCL |
||
| 245 | 0 |
_aBeyond capitalism : _bBuilding democratic alternatives for today and the future |
|
| 260 |
_aNew Delhi : _bBloomsbury, _c2024. |
||
| 300 | _axxvi, 276p. | ||
| 365 |
_aINR _b799 |
||
| 520 | _aCapitalism as a global system barely allows the needs of the majority of the world's population to be met. Whether from an industrialized country such as the US or from South Africa, the need for an alternative can be felt all over the world. It is clear nowadays that, due to the non-democratic nature and inadequacies of capitalism, another system must take its place. Such a process has already begun through the cooperative movement, which this book examines along with other initiatives. Featuring essays by international scholars and activists from various spheres of the anti-capitalist left, the work features many examples from the north and the south, to cover both the historically-advanced and late capitalist economies. It discusses such initiatives as participatory economics, the Mondragon experience, worker cooperatives in Europe and Latin America, solidarity economy in South Africa, and more. Written in an accessible manner, Beyond Capitalism will be an invaluable resource for any student of social movements and political thought and for anyone looking for alternative to today's ongoing systemic crises. | ||
| 650 |
_aPolitical Science / Globalization _9811440 |
||
| 650 |
_aPolitical Science / Public Policy / Economic Policy _9811197 |
||
| 650 |
_a BUSINESS & ECONOMICS / Economics / General _9811441 |
||
| 700 |
_aShantz, Jeff _9809864 |
||
| 700 |
_aMacdonald, Jose brendan _9811442 |
||
| 942 |
_cTEXL _2CC _n0 |
||
| 999 |
_c1430044 _d1430044 |
||